[Event "Murmansk ChessMates 4th"]
[Site "Murmansk"]
[Date "2020.03.13"]
[Round "2.2"]
[White "Morar, Kirill"]
[Black "Kataev, Aleksandr"]
[Result "0-1"]
[WhiteElo "1271"]
[BlackElo "1978"]
[PlyCount "72"]
[EventDate "2020.03.13"]
[EventType "team-tourn"]
[EventRounds "5"]
[EventCountry "RUS"]
[SourceTitle "CBM 195 Extra"]
[Source "ChessBase"]
[SourceDate "2020.05.31"]
[SourceVersion "1"]
[SourceVersionDate "2020.05.31"]
[SourceQuality "1"]
[WhiteTeam "Novorossiysk"]
[BlackTeam "Murmansk CF"]
[WhiteTeamCountry "RUS"]
[BlackTeamCountry "RUS"]

1. e4 c5 2. Nf3 Nc6 3. d4 cxd4 4. Nxd4 e5 5. Nb3 d6 6. Nc3 Nf6 7. Bg5 Be7 8. Bxf6 Bxf6 9. Nd5 0-0 10. Qf3 Be7 11. Bc4 Kh8 12. 0-0 f5 13. Rad1 fxe4 14. Qxe4 Bf5 15. Qe2 Bg5 16. Ne3 Bg6 17. Qd2 Rf6 18. c3 Qe8 19. Qd5 Rd8 20. Qb5 Bh5 21. Rde1 Qd7 22. Nd2 a6 23. Qb6 d5 24. Nxd5 Bxd2 25. Nxf6 gxf6 26. Re4 Bf4 27. f3 Bg6 28. Ree1 Bf7 29. Bxf7 Qxf7 30. Rd1 Rg8 31. g3 Qh5 32. Rf2 e4 33. Rdf1 Qg5 34. Re2 Bxg3 35. hxg3 Qxg3+ 36. Kh1 Qh3+ 0-1

[Event "Murmansk Basamro U16 4th"]
[Site "Murmansk"]
[Date "2016.10.06"]
[Round "1.3"]
[White "Kataev, Aleksandr"]
[Black "Morar, Kirill"]
[Result "1-0"]
[WhiteElo "1793"]
[BlackElo "1263"]
[PlyCount "91"]
[EventDate "2016.10.06"]
[EventType "team-tourn"]
[EventRounds "5"]
[EventCountry "RUS"]
[SourceTitle "EXT 2017"]
[Source "ChessBase"]
[SourceDate "2016.10.25"]
[SourceVersion "1"]
[SourceVersionDate "2016.10.25"]
[SourceQuality "1"]
[WhiteTeam "Murmansk Region"]
[BlackTeam "Novorossiisk"]
[WhiteTeamCountry "RUS"]
[BlackTeamCountry "RUS"]

1. d4 d5 2. c4 e6 3. Nc3 Nf6 4. Bg5 c6 5. cxd5 cxd5 6. Nf3 a6 7. e3 Bb4 8. Qa4+ Nc6 9. Ne5 Qa5 10. Qxa5 Nxa5 11. f3 Nd7 12. Nd3 Bd6 13. e4 dxe4 14. Nxe4 Bb8 15. Rc1 Nb6 16. Ndc5 0-0 17. Bd2 Nc6 18. Nxa6 Nxd4 19. Nxb8 Rxb8 20. Bb4 Rd8 21. Ba5 Rf8 22. Bxb6 Nc6 23. Bb5 Bd7 24. Nc5 Be8 25. Bc7 Rc8 26. Bd6 Ne7 27. Bxe7 Bxb5 28. Bxf8 Kxf8 29. Kf2 Rd8 30. Rhd1 Ra8 31. a4 Bc6 32. b4 b6 33. Nxe6+ fxe6 34. Rxc6 Rxa4 35. Rd7 Ra2+ 36. Ke3 Ra8 37. Rxb6 h6 38. b5 Kg8 39. Rbb7 Ra3+ 40. Ke4 Ra4+ 41. Ke5 Ra8 42. Rxg7+ Kh8 43. Rh7+ Kg8 44. Rbg7+ Kf8 45. Kf6 Ra4 46. Rh8# 1-0